000 00798nam a2200241 i 4500
003 DO-SdBNP
005 20240105104233.0
006 a||||gr|||| 00| 0
007 ta
008 240105e2009 dr ac||| |||| 00| 0 spa d
040 _aDO-SdBNP
_bspa
_cBNPHU
_erda
082 4 _222
_bT21m
100 1 _aTatem Brache, Yildalina
_975800
_eautora
245 1 0 _aMujeres extraordinarias :
_bmujeres en el tiempo, mujeres sin tiempo /
_cYildalina Tatem Brache
264 1 _aSanto Domingo :
_bINDOTEL,
_c2009
300 _a[26] páginas :
_bIlustraciones ;
_c27 cm.
336 _2rdacontent
_atexto
_btxt
337 _2rdamedia
_asin mediación
_bn
338 _2rdacarrier
_avolumen
_bnc
500 _aUn documental de Yildalina Catem Brache para INDOTEL.
590 _aInventariado 2023 / MF
942 _2ddc
_cLF2
999 _c55649
_d55649